| 000 | 00599nam a2200241 a 4500 | ||
|---|---|---|---|
| 001 | 0001-1099 | ||
| 003 | ELIB.Books | ||
| 008 | 150119 2010 eng | ||
| 020 | _a0310448816 | ||
| 035 | _a(ELIB.Books)0001-1254 | ||
| 092 |
_a646.7 _bSma |
||
| 100 | _aSmalley, Gary | ||
| 245 | _aIf Only He Knew | ||
| 260 |
_aGrand Rapids _bZondervan Publishing House _c1979 |
||
| 300 |
_a161 _c21.5 Cm |
||
| 500 | _aC/o Moe Lwai | ||
| 650 | _aMarriage | ||
| 856 |
_nKBTS; Library _uKBTS; Elib. |
||
| 942 |
_2ddc _cBK |
||
| 990 | _a1 | ||
| 998 |
_cbat _e2015-01-19 |
||
| 999 |
_c11099 _d11099 |
||